Management and regional science for economic development (Record no. 8248)

000 -LEADER
fixed length control field 00546nam a2200205 a 4500
001 - CONTROL NUMBER
control field 8248
003 - CONTROL NUMBER IDENTIFIER
control field BD-DhUET
008 - FIXED-LENGTH DATA ELEMENTS--GENERAL INFORMATION
fixed length control field 820308s1983 maua b 001 0 eng
020 ## - INTERNATIONAL STANDARD BOOK NUMBER
International Standard Book Number 0898381088
040 ## - CATALOGING SOURCE
Original cataloging agency DLC
Transcribing agency DLC
Modifying agency BD-DhUET
082 00 - DEWEY DECIMAL CLASSIFICATION NUMBER
Classification number 338.9
Item number CHA/1983
100 ## - MAIN ENTRY--PERSONAL NAME
Personal name Chatterji, Manas
245 10 - TITLE STATEMENT
Title Management and regional science for economic development
250 ## - EDITION STATEMENT
Edition statement 1st ed.
260 ## - PUBLICATION, DISTRIBUTION, ETC. (IMPRINT)
Place of publication, distribution, etc. Boston
Name of publisher, distributor, etc. Kluwer Nijhoff
Date of publication, distribution, etc. 1983
300 ## - PHYSICAL DESCRIPTION
Extent xii, 259 p.
Other physical details ill.
504 ## - BIBLIOGRAPHY, ETC. NOTE
Bibliography, etc Includes bibliographies
650 #0 - SUBJECT ADDED ENTRY--TOPICAL TERM
Topical term or geographic name as entry element Economic development
942 ## - ADDED ENTRY ELEMENTS (KOHA)
Koha item type General Book
Holdings
Lost status Koha date last seen Damaged status Source of classification or shelving scheme Koha item type Not for loan Koha normalized classification for sorting Piece designation (barcode) Price effective from Copy number Sublocation or collection (holding branch) Shelving location Withdrawn status Koha full call number Location (home branch) Date acquired
 2015-01-20  General Book 338_900000000000000_CHA_1983633472015-01-201Central Library, BUETCirculation section 338.9/CHA/1983Central Library, BUET2015-01-20
 2015-01-20  General Book 338_900000000000000_CHA_1983640472015-01-202Central Library, BUETCirculation section 338.9/CHA/1983Central Library, BUET2015-01-20
 2015-01-28  General Book 338_900000000000000_CHA_1983640482015-01-283Central Library, BUETCirculation section 338.9/CHA/1983Central Library, BUET2015-01-28
 2015-01-28  General Book 338_900000000000000_CHA_1983641232015-01-284Central Library, BUETCirculation section 338.9/CHA/1983Central Library, BUET2015-01-28